American cinematographer manual /

Bibliographic Details
Corporate Author: American Society of Cinematographers
Other Authors: Detmers, Fred H.
Format: Book
Language:English
Published: Hollywood, Calif. : ASC Press, [1986]
Edition:6th ed.
Subjects:

MARC

Tag First Indicator Second Indicator Subfields
LEADER 00000cam a2200000 a 4500
001 in00000020926
005 20151007055527.0
008 870806s1986 caua bf 00100 eng
010 |a  87163264  
020 |a 0935578072 
035 |a (OCoLC)17209851 
035 |9 AAB8495AM 
040 |a DLC  |c DLC  |d TXA  |d UtOrBLW 
049 |a TXAM  |c [A10991836] 
050 0 0 |a TR850  |b .A57 1986 
082 0 |a 778.5/3  |2 19 
245 0 0 |a American cinematographer manual /  |c edited by Fred H. Detmers. 
250 |a 6th ed. 
264 1 |a Hollywood, Calif. :  |b ASC Press,  |c [1986] 
264 4 |c ©1986 
300 |a 393 pages, 1 unnumbered page :  |b illustrations (some color) ;  |c 19 cm. 
336 |a text  |b txt  |2 rdacontent 
337 |a unmediated  |b n  |2 rdamedia 
338 |a volume  |b nc  |2 rdacarrier 
500 |a "ASC, American Society of Cinematographers." 
504 |a Bibliography: page [394]. 
500 |a Includes index. 
650 0 |a Cinematography  |v Handbooks, manuals, etc. 
700 1 |a Detmers, Fred H. 
710 2 |a American Society of Cinematographers. 
999 |a MARS 
999 f f |s 74dcc517-761d-390c-b062-6ed2a051749c  |i 6a265655-f427-3435-b574-ed681c599798  |t 0 
952 f f |p ric  |a Texas A&M University  |b Rellis Campus  |c Joint Library Facility  |d Remote Storage  |t 0  |e TR850 .A57 1986  |h Library of Congress classification  |i unmediated -- volume  |m A14810991836 
998 f f |a TR850 .A57 1986  |t 0  |l Remote Storage